<?xml version="1.0" encoding="UTF-8"?>
<record
    xmlns:xsi="http://www.w3.org/2001/XMLSchema-instance"
    xsi:schemaLocation="http://www.loc.gov/MARC21/slim http://www.loc.gov/standards/marcxml/schema/MARC21slim.xsd"
    xmlns="http://www.loc.gov/MARC21/slim">

  <leader>01325nam a22002891i 4500</leader>
  <controlfield tag="003">SA-RiAUC</controlfield>
  <controlfield tag="005">20241121073203.0</controlfield>
  <controlfield tag="008">241121s1980    le     g      000 0 ara c</controlfield>
  <datafield tag="040" ind1=" " ind2=" ">
    <subfield code="a">JO-IrYU</subfield>
    <subfield code="b">ara</subfield>
    <subfield code="c">SA-RiAUC</subfield>
    <subfield code="e">rda</subfield>
  </datafield>
  <datafield tag="050" ind1="1" ind2="4">
    <subfield code="b">.K55 1980z</subfield>
  </datafield>
  <datafield tag="082" ind1="0" ind2="4">
    <subfield code="a">258.2</subfield>
  </datafield>
  <datafield tag="090" ind1=" " ind2=" ">
    <subfield code="a">258.2</subfield>
    <subfield code="b">&#x643; &#x634; &#x646;</subfield>
  </datafield>
  <datafield tag="100" ind1="1" ind2=" ">
    <subfield code="a">&#x627;&#x644;&#x643;&#x634;&#x646;&#x627;&#x648;&#x64A;&#x60C; &#x623;&#x628;&#x648; &#x628;&#x643;&#x631; &#x628;&#x646; &#x62D;&#x633;&#x646;&#x60C;</subfield>
    <subfield code="d">1310-1397 &#x647;&#x62C;&#x631;&#x64A;</subfield>
    <subfield code="e">&#x645;&#x624;&#x644;&#x641;.</subfield>
  </datafield>
  <datafield tag="245" ind1="1" ind2="0">
    <subfield code="a">&#x623;&#x633;&#x647;&#x644; &#x627;&#x644;&#x645;&#x62F;&#x627;&#x631;&#x643; :</subfield>
    <subfield code="b">&#x634;&#x631;&#x62D; &#x625;&#x631;&#x634;&#x627;&#x62F; &#x627;&#x644;&#x633;&#x627;&#x644;&#x643; &#x641;&#x64A; &#x641;&#x642;&#x647; &#x625;&#x645;&#x627;&#x645; &#x627;&#x644;&#x623;&#x626;&#x645;&#x629; &#x645;&#x627;&#x644;&#x643; /</subfield>
    <subfield code="c">&#x644;&#x623;&#x628;&#x648; &#x628;&#x643;&#x631; &#x628;&#x646; &#x62D;&#x633;&#x646; &#x627;&#x644;&#x643;&#x634;&#x646;&#x627;&#x648;&#x64A;.</subfield>
  </datafield>
  <datafield tag="246" ind1="3" ind2="0">
    <subfield code="a">&#x634;&#x631;&#x62D; &#x625;&#x631;&#x634;&#x627;&#x62F; &#x627;&#x644;&#x633;&#x627;&#x644;&#x643; &#x641;&#x64A; &#x641;&#x642;&#x647; &#x625;&#x645;&#x627;&#x645; &#x627;&#x644;&#x623;&#x626;&#x645;&#x629; &#x645;&#x627;&#x644;&#x643;</subfield>
  </datafield>
  <datafield tag="250" ind1=" " ind2=" ">
    <subfield code="a">&#x627;&#x644;&#x637;&#x628;&#x639;&#x629; &#x627;&#x644;&#x62B;&#x627;&#x646;&#x64A;&#x629;.</subfield>
  </datafield>
  <datafield tag="264" ind1=" " ind2="1">
    <subfield code="a">&#x628;&#x64A;&#x631;&#x648;&#x62A; :</subfield>
    <subfield code="b">&#x62F;&#x627;&#x631; &#x627;&#x644;&#x641;&#x643;&#x631;&#x60C;</subfield>
    <subfield code="c">1980</subfield>
  </datafield>
  <datafield tag="300" ind1=" " ind2=" ">
    <subfield code="a">3 &#x645;&#x62C;&#x644;&#x62F; &#x61B;</subfield>
    <subfield code="c">24 &#x633;&#x645;</subfield>
  </datafield>
  <datafield tag="336" ind1=" " ind2=" ">
    <subfield code="a">&#x646;&#x635;</subfield>
    <subfield code="b">txt</subfield>
    <subfield code="2">rdacontent</subfield>
    <subfield code="3">&#x643;&#x62A;&#x627;&#x628;</subfield>
  </datafield>
  <datafield tag="337" ind1=" " ind2=" ">
    <subfield code="a">&#x628;&#x62F;&#x648;&#x646; &#x648;&#x633;&#x64A;&#x637;</subfield>
    <subfield code="b">n</subfield>
    <subfield code="2">rdamedia</subfield>
  </datafield>
  <datafield tag="338" ind1=" " ind2=" ">
    <subfield code="a">&#x645;&#x62C;&#x644;&#x62F;</subfield>
    <subfield code="b">nc</subfield>
    <subfield code="2">rdacarrier</subfield>
  </datafield>
  <datafield tag="650" ind1=" " ind2="7">
    <subfield code="a">&#x627;&#x644;&#x641;&#x642;&#x647; &#x627;&#x644;&#x645;&#x627;&#x644;&#x643;&#x64A;</subfield>
    <subfield code="2">aucsh</subfield>
  </datafield>
  <datafield tag="700" ind1="1" ind2="2">
    <subfield code="a">&#x627;&#x628;&#x646; &#x639;&#x633;&#x643;&#x631;&#x60C; &#x639;&#x628;&#x62F; &#x627;&#x644;&#x631;&#x62D;&#x645;&#x646; &#x628;&#x646; &#x645;&#x62D;&#x645;&#x62F;&#x60C;</subfield>
    <subfield code="d">644-732 &#x647;&#x62C;&#x631;&#x64A;</subfield>
    <subfield code="t">&#x625;&#x631;&#x634;&#x627;&#x62F; &#x627;&#x644;&#x633;&#x627;&#x644;&#x643; &#x625;&#x644;&#x649; &#x623;&#x634;&#x631;&#x641; &#x627;&#x644;&#x645;&#x633;&#x627;&#x644;&#x643; &#x641;&#x64A; &#x641;&#x642;&#x647; &#x627;&#x644;&#x625;&#x645;&#x627;&#x645; &#x645;&#x627;&#x644;&#x643;.</subfield>
  </datafield>
  <datafield tag="740" ind1="0" ind2="2">
    <subfield code="a">&#x625;&#x631;&#x634;&#x627;&#x62F; &#x627;&#x644;&#x633;&#x627;&#x644;&#x643; &#x625;&#x644;&#x649; &#x623;&#x634;&#x631;&#x641; &#x627;&#x644;&#x645;&#x633;&#x627;&#x644;&#x643; &#x641;&#x64A; &#x641;&#x642;&#x647; &#x627;&#x644;&#x625;&#x645;&#x627;&#x645; &#x645;&#x627;&#x644;&#x643;.</subfield>
  </datafield>
  <datafield tag="942" ind1=" " ind2=" ">
    <subfield code="2">ddc</subfield>
    <subfield code="c">BOOK</subfield>
  </datafield>
  <datafield tag="949" ind1=" " ind2=" ">
    <subfield code="a">SA-JeALM</subfield>
    <subfield code="d">241121</subfield>
    <subfield code="u">khaled123</subfield>
    <subfield code="n">1</subfield>
  </datafield>
  <datafield tag="952" ind1=" " ind2=" ">
    <subfield code="0">0</subfield>
    <subfield code="1">0</subfield>
    <subfield code="2">ddc</subfield>
    <subfield code="3">&#x627;&#x644;&#x645;&#x62C;&#x644;&#x62F; &#x627;&#x644;&#x62B;&#x627;&#x646;&#x64A; </subfield>
    <subfield code="4">0</subfield>
    <subfield code="7">0</subfield>
    <subfield code="a">WAHAB</subfield>
    <subfield code="b">WAHAB</subfield>
    <subfield code="d">2024-11-21</subfield>
    <subfield code="l">0</subfield>
    <subfield code="o">258.2 &#x643; &#x634; &#x646;</subfield>
    <subfield code="p">000004064</subfield>
    <subfield code="r">2024-11-21 07:33:02</subfield>
    <subfield code="w">2024-11-21</subfield>
    <subfield code="y">BOOK</subfield>
  </datafield>
  <datafield tag="952" ind1=" " ind2=" ">
    <subfield code="0">0</subfield>
    <subfield code="1">0</subfield>
    <subfield code="2">ddc</subfield>
    <subfield code="3">&#x627;&#x644;&#x645;&#x62C;&#x644;&#x62F; &#x627;&#x644;&#x62B;&#x627;&#x644;&#x62B;</subfield>
    <subfield code="4">0</subfield>
    <subfield code="7">0</subfield>
    <subfield code="a">WAHAB</subfield>
    <subfield code="b">WAHAB</subfield>
    <subfield code="d">2024-11-21</subfield>
    <subfield code="l">0</subfield>
    <subfield code="o">258.2 &#x643; &#x634; &#x646;</subfield>
    <subfield code="p">000004065</subfield>
    <subfield code="r">2024-11-21 07:33:02</subfield>
    <subfield code="w">2024-11-21</subfield>
    <subfield code="y">BOOK</subfield>
  </datafield>
  <datafield tag="952" ind1=" " ind2=" ">
    <subfield code="0">0</subfield>
    <subfield code="1">0</subfield>
    <subfield code="2">ddc</subfield>
    <subfield code="3">&#x627;&#x644;&#x645;&#x62C;&#x644;&#x62F; &#x627;&#x644;&#x627;&#x648;&#x644;</subfield>
    <subfield code="4">0</subfield>
    <subfield code="7">0</subfield>
    <subfield code="a">WAHAB</subfield>
    <subfield code="b">WAHAB</subfield>
    <subfield code="d">2025-04-11</subfield>
    <subfield code="l">0</subfield>
    <subfield code="o">258.2  &#x643; &#x634; &#x646;</subfield>
    <subfield code="p">000011516</subfield>
    <subfield code="r">2025-04-11 11:59:54</subfield>
    <subfield code="w">2025-04-11</subfield>
    <subfield code="y">BOOK</subfield>
  </datafield>
  <datafield tag="999" ind1=" " ind2=" ">
    <subfield code="c">2621</subfield>
    <subfield code="d">2621</subfield>
  </datafield>
</record>
